| 000 | 01855cam a2200313 a 4500 | ||
|---|---|---|---|
| 999 |
_c15664 _d15664 |
||
| 001 | 2631056 | ||
| 003 | OSt | ||
| 005 | 20210412150605.0 | ||
| 008 | 990426s1999 cau b 001 0 eng | ||
| 010 | _a 99031771 | ||
| 020 | _a0804735239 (alk. paper) | ||
| 020 | _a0804736006 (paper : alk. paper) | ||
| 040 |
_aDLC _cDLC _dDLC |
||
| 050 | 0 | 0 |
_aD16.8 _b.C5925 1999 |
| 082 | 0 | 0 |
_a301 COL _221 |
| 100 | 1 |
_aCollins, Randall, _d1941- |
|
| 245 | 1 | 0 |
_aMacrohistory : _bessays in sociology of the long run / _cRandall Collins. |
| 260 |
_aStanford, Calif. : _bStanford University Press, _cc1999. |
||
| 300 |
_a312 p. ; _c24 cm. |
||
| 504 | _aIncludes bibliographical references (p. [291]-306) and index. | ||
| 505 | _aContents List of figures Introduction: the golden age of macrohistorical sociology 1. Maturation of the state-cantered theory of revolution and ideology 2. The geopolitical basis of revolution: the prediction of the Soviet collapse 3. Balkanization’ or 'Americanization': a geopolitical theory of ethni Change 4. Democratization from the outside in: a geopolitical theory of collegial power 5. German-bashing and the theory of democratic modernization 6. Market dynamics as the engine of historical change 7. An Asian route to capitalism Appendices Notes Bibliography Index. | ||
| 650 | 0 |
_aHistory _xPhilosophy. |
|
| 650 | 0 |
_aHistory _xMethodology. |
|
| 856 | 4 | 2 |
_3Publisher description _uhttp://www.loc.gov/catdir/description/cam0210/99031771.html |
| 856 | 4 | 1 |
_3Table of contents _uhttp://www.loc.gov/catdir/toc/cam026/99031771.html |
| 906 |
_a7 _bcbc _corignew _d1 _eocip _f19 _gy-gencatlg |
||
| 942 |
_2ddc _cBK |
||